LDR 00621naa#a2200169#i#450# 001 EN\\bibl\110434 005 20260601025917.1 011 ## _a2074-8183 100 ## _a20260331b2026####ek#y0engy0150####ca 102 ## _aRU 200 1# _aCOMPARATIVISM-RELATED ANALYSIS OF CRIMINAL LAW REGULATION OF TRANSPORT CRIMES IN THE CIS COUNTRIES _eJournal article 210 1# _aVolgograd _cVolgograd Academy of the Ministry of Internal Affairs of Russia _d2026 215 ## _a9 с. 608 ## _aJournal article _2local 675 ## _aТранспортные преступления. 343.346 _z 700 #1 _aSmyr _gAlisa Dzhamalovna 856 4# _ava-mvd.editorum.ru _u